000
00430nam a2200181Ia 4500
008
100917s9999 xx 000 0 und d
082
_b
3714
100
_a
गोखले अरविंद
245
_a
कथाई
260
_b
---
_c
1954
300
_a
140
365
_b
3
520
_a
कादंबरी
630
_a
कथाई
650
_a
कादंबरी
730
_a
कथाई
942
_c
BOOK
999
_c
609108
_d
609105